000 00691nam a2200217Ia 4500
001 13232
003 GE_BSU
008 181216s||||||||xx |||||||||||||| ||und||
040 _cGE_BSU
080 _a632.7(075.8)
100 _aБей-Биенко,Г.Я. Богданов-,Н.Н. Ильинский,А.М. и др.
245 _aСельскохозяйственная энтомология
245 _bУчебник
245 _cПод.ред.В.Н.Щеголева
260 _aМосква
260 _bСельхозгиз
260 _c1941
300 _a647стр.илл.20см.
653 _aСельскохозяйственная энтомология
942 _cBK
999 _c46396
_d46396